[Event "23rd Abu Dhabi Masters"]
[Site "Abu Dhabi UAE"]
[Date "2016.08.25"]
[Round "6.56"]
[White "Aditya, Mittal"]
[Black "Deshpande, Aniruddha"]
[Result "1/2-1/2"]
[WhiteTitle "CM"]
[WhiteElo "2140"]
[BlackElo "2219"]
[WhiteFideId "35042025"]
[BlackFideId "5021774"]
[EventDate "2016.08.21"]

1. d4 d5 2. c4 c6 3. Nc3 Nf6 4. cxd5 cxd5 5. f3 Nc6 6. e4 dxe4 7. d5 Ne5 8. fxe4
e6 9. Nf3 Nxf3+ 10. Qxf3 a6 11. Bd3 exd5 12. O-O Bg4 13. Qg3 dxe4 14. Nxe4 Nxe4
15. Bxe4 Qd4+ 16. Be3 Qxe4 17. Rf4 Qe5 18. Bd4 Bc5 19. Re1 Be2 20. Qf2 Bxd4 21.
Qxd4 Qxd4+ 22. Rxd4 O-O 23. Rxe2 Rfd8 24. Rxd8+ Rxd8 25. Re7 b5 26. Ra7 g6 27.
Rxa6 Rd1+ 28. Kf2 Rd2+ 29. Kf3 Rxb2 30. a4 Rb3+ 31. Kf2 bxa4 32. Rxa4 Kg7 33.
Ra6 Rb7 34. Kf3 f5 35. Rc6 Kh6 36. h4 Rb3+ 37. Kf2 Kh5 38. Rc4 Rb7 39. g3 Re7
40. Kf3 Re4 41. Rc7 h6 42. Rh7 Ra4 43. Rh8 Ra8 44. Rh7 Rb8 45. Kf4 Rb4+ 46. Kf3
Rb3+ 47. Kf4 Rb4+ 48. Kf3 Rb1 49. Rh8 Rf1+ 50. Kg2 Rd1 51. Kf3 Rd3+ 52. Kf4 Rd4+
53. Kf3 Rb4 54. Rh7 g5 55. hxg5 Kxg5 56. Rg7+ Kf6 57. Rh7 Kg6 58. Ra7 h5 59. Rc7
h4 60. gxh4 Rxh4 61. Ra7 Rb4 62. Rc7 Kg5 1/2-1/2

[Event "23rd Abu Dhabi Masters"]
[Site "Abu Dhabi UAE"]
[Date "2016.08.25"]
[Round "6.57"]
[White "Al Ghamdi, Ahmed M"]
[Black "Sadhwani, Raunak"]
[Result "1/2-1/2"]
[BlackTitle "CM"]
[WhiteElo "2192"]
[BlackElo "2069"]
[WhiteFideId "21500150"]
[BlackFideId "35093487"]
[EventDate "2016.08.21"]

1. e4 c5 2. Nf3 e6 3. d4 cxd4 4. Nxd4 a6 5. Bd3 Nf6 6. Qe2 d6 7. O-O Qc7 8. b3
g6 9. Bb2 Bg7 10. Nd2 O-O 11. c4 Nh5 12. g3 Nc6 13. N2f3 Nb4 14. Bb1 Rd8 15. Qd2
Nc6 16. Nxc6 Bxb2 17. Qxb2 bxc6 18. e5 c5 19. exd6 Rxd6 20. Be4 Bb7 21. Qe2 Bxe4
22. Qxe4 Rad8 23. Rfe1 Ng7 24. Qf4 Qe7 25. Ne5 Nf5 26. Qe4 Nd4 27. Rac1 Qf6 28.
Kg2 Qf5 29. Qb7 g5 30. h3 1/2-1/2

[Event "23rd Abu Dhabi Masters"]
[Site "Abu Dhabi UAE"]
[Date "2016.08.25"]
[Round "6.58"]
[White "Likhit, Chilukuri"]
[Black "Mona, Khaled"]
[Result "0-1"]
[BlackTitle "WGM"]
[WhiteElo "2133"]
[BlackElo "2175"]
[WhiteFideId "35005456"]
[BlackFideId "10605908"]
[EventDate "2016.08.21"]

1. e4 e5 2. Nf3 Nc6 3. Bc4 Nf6 4. d3 h6 5. c3 d6 6. Bb3 g6 7. Nbd2 Bg7 8. Nf1
O-O 9. Ng3 Na5 10. Bc2 c5 11. O-O Nc6 12. h3 d5 13. Ba4 Qc7 14. Bxc6 bxc6 15. c4
Be6 16. Qc2 Nd7 17. Nh4 Qd8 18. Nhf5 Bxf5 19. exf5 Qf6 20. fxg6 Qxg6 21. Kh2 f5
22. f4 e4 23. dxe4 fxe4 24. f5 Qd6 25. Bf4 Be5 26. Qd2 Rae8 27. Kh1 Bxf4 28.
Rxf4 Nf6 29. Raf1 d4 30. Ne2 e3 31. Qd3 Kh7 32. b4 cxb4 33. Rxd4 Qe5 34. Rff4 c5
35. Rd6 Kg7 36. Rf3 Kf7 37. Re6 Rxe6 38. fxe6+ Qxe6 39. Qh7+ Ke8 40. Qxh6 Qxc4
41. Rxe3+ Kf7 42. Rf3 Ke7 43. Nf4 Rf7 44. Ng6+ Kd6 45. Qd2+ Ke6 46. Nf4+ Ke7 47.
Ng6+ Ke6 48. Qg5 Qd4 49. Qf5+ Kd6 50. Rd3 Nd5 51. Qxf7 Qxd3 52. Nf8 Kc6 53. Qd7+
Kb6 54. Ne6 Qc4 55. Qd6+ Kb5 56. Qd7+ 0-1

[Event "23rd Abu Dhabi Masters"]
[Site "Abu Dhabi UAE"]
[Date "2016.08.25"]
[Round "6.59"]
[White "Geldiyeva, Mahri"]
[Black "Wang, Xinyue"]
[Result "1/2-1/2"]
[WhiteTitle "WGM"]
[WhiteElo "2285"]
[BlackElo "2092"]
[WhiteFideId "14000059"]
[BlackFideId "8603960"]
[EventDate "2016.08.21"]

1. d4 d5 2. e3 Nf6 3. Bd3 c5 4. c3 Nc6 5. f4 h5 6. Nd2 h4 7. Ngf3 h3 8. g3 Bg4
9. Qa4 Bd7 10. Qc2 Ng4 11. Nf1 Rc8 12. Qe2 g6 13. Ne5 Ngxe5 14. fxe5 Bf5 15. Nd2
Qb6 16. Rf1 e6 17. Bxf5 gxf5 18. g4 Ne7 19. Qf3 Rh4 20. Rg1 Bh6 21. Nb3 Kd7 22.
g5 Bg7 23. Rg3 c4 24. Nd2 Rch8 25. b3 Ng6 26. bxc4 Bxe5 27. dxe5 Nxe5 28. Qe2
dxc4 29. Nf3 Nd3+ 30. Kf1 Rg4 31. Bd2 Rxg3 32. hxg3 Qc6 33. Qxd3+ cxd3 34. Ne5+
Kd6 35. Nxc6 bxc6 36. Kf2 Rb8 37. e4 Rb2 38. Ke3 fxe4 39. Rh1 Rxa2 40. Rxh3 Ke5
41. Rh7 Kf5 42. Rxf7+ Kxg5 43. Rf4 a5 44. Rxe4 Kf5 45. Rf4+ Ke5 46. Kxd3 a4 47.
Rf8 Ra1 48. c4 Ra3+ 49. Bc3+ Kd6 50. Rg8 e5 51. Re8 Rb3 52. Kc2 Kc5 53. Ra8 Ra3
54. Ra6 Kxc4 55. Rxc6+ Kd5 56. Rc8 Ra2+ 57. Kd3 Rg2 58. Rg8 e4+ 59. Ke3 a3 60.
Rg5+ Ke6 61. Kxe4 a2 62. Rg6+ Kf7 63. Rf6+ Ke7 64. Rf3 Rg1 65. Kf5 Kf7 66. Kg5+
Kg8 67. g4 a1=Q 68. Bxa1 Rxa1 69. Kg6 Ra4 70. g5 Ra6+ 71. Rf6 Ra1 72. Rb6 Ra8
73. Kh6 Rc8 74. Rb7 Rc6+ 75. Kh5 Rc5 76. Rb6 Kg7 77. Rb7+ Kg8 78. Kh6 Rc6+ 79.
g6 Rc8 80. Rg7+ Kh8 81. Rh7+ Kg8 1/2-1/2

[Event "23rd Abu Dhabi Masters"]
[Site "Abu Dhabi UAE"]
[Date "2016.08.25"]
[Round "6.60"]
[White "Calzetta Ruiz, Monica"]
[Black "Mayed, AlRashedi"]
[Result "0-1"]
[WhiteTitle "WGM"]
[BlackTitle "FM"]
[WhiteElo "2257"]
[BlackElo "2023"]
[WhiteFideId "2204185"]
[BlackFideId "9303871"]
[EventDate "2016.08.21"]

1. e4 c5 2. Nf3 g6 3. d4 cxd4 4. Nxd4 Bg7 5. Nc3 Nc6 6. Nde2 Nf6 7. g3 d5 8.
exd5 Nb4 9. Bg2 Bf5 10. Nd4 Bg4 11. Qd2 Nbxd5 12. Nxd5 Nxd5 13. h3 Bc8 14. Nb3
e6 15. c4 Nb6 16. Qxd8+ Kxd8 17. Na5 Kc7 18. Bf4+ e5 19. Be3 Rd8 20. O-O Rb8 21.
Rac1 Be6 22. b4 f5 23. Rfe1 Rd3 24. b5 Ra3 25. c5 Nd5 26. b6+ axb6 27. cxb6+ Kd7
28. Bxd5 Bxd5 29. Rc5 Ke6 30. Rd1 Bf3 31. Rd2 Bf8 32. Nb3 Rxb3 33. axb3 Bxc5 34.
Bxc5 Ra8 35. Rd6+ Kf7 36. Rd7+ Kg8 37. Kh2 Ra1 38. g4 f4 39. Rd8+ Kf7 40. Rf8+
Ke6 0-1

[Event "23rd Abu Dhabi Masters"]
[Site "Abu Dhabi UAE"]
[Date "2016.08.27"]
[Round "7.1"]
[White "Predke, Alexandr"]
[Black "Adhiban, Baskaran"]
[Result "1/2-1/2"]
[WhiteTitle "GM"]
[BlackTitle "GM"]
[WhiteElo "2553"]
[BlackElo "2671"]
[WhiteFideId "24107581"]
[BlackFideId "5018471"]
[EventDate "2016.08.21"]

1. e4 c5 2. Nf3 Nc6 3. d4 cxd4 4. Nxd4 e5 5. Nb5 d6 6. N1c3 a6 7. Na3 Be7 8. Be3
Nf6 9. Nc4 b5 10. Nb6 Rb8 11. Nxc8 Qxc8 12. Bd3 O-O 13. O-O Nb4 14. a3 Nxd3 15.
cxd3 b4 16. axb4 Rxb4 17. Ra2 h6 18. Qa1 Qb7 19. Rxa6 Rxb2 20. Ra7 Qb3 21. Na4
Ra2 22. Qd1 Qxd1 23. Rxd1 Ng4 24. Rxe7 Nxe3 25. fxe3 Rxa4 26. Rd7 Ra2 27. Rxd6
Rc8 28. Kh1 Re2 29. d4 Rcc2 30. Rg1 Rxe3 31. dxe5 Rxe4 32. Rd5 g5 33. h3 Kg7 34.
Rf1 Ree2 35. Rd7 Rf2 36. Rxf2 Rxf2 37. e6 Rf6 38. exf7 1/2-1/2

[Event "23rd Abu Dhabi Masters"]
[Site "Abu Dhabi UAE"]
[Date "2016.08.27"]
[Round "7.2"]
[White "Kuzubov, Yuriy"]
[Black "Dragun, Kamil"]
[Result "0-1"]
[WhiteTitle "GM"]
[BlackTitle "GM"]
[WhiteElo "2639"]
[BlackElo "2609"]
[WhiteFideId "14112906"]
[BlackFideId "1134167"]
[EventDate "2016.08.21"]

1. Nf3 Nf6 2. c4 g6 3. Nc3 d5 4. cxd5 Nxd5 5. h4 Bg7 6. h5 Nc6 7. g3 Bf5 8. Bg2
e5 9. Qb3 Nb6 10. d3 Qd7 11. Ng5 Nd4 12. Qd1 O-O-O 13. Nge4 Bf8 14. hxg6 Bxg6
15. a4 f5 16. a5 Nd5 17. Nd2 Nb4 18. Kf1 a6 19. Nc4 Qe6 20. Bg5 Be7 21. Bxe7
Qxe7 22. Rc1 Kb8 23. Qa4 e4 24. dxe4 fxe4 25. Kg1 Nd5 26. Re1 Rhf8 27. Nxd5 Rxd5
28. Ne3 Rdd8 29. Rh4 Qe5 30. Qa3 Rf7 31. Qc3 Rdf8 32. Nc4 Qd5 33. Ne3 Qd6 34.
Nc4 Qd8 35. Bxe4 Rxf2 36. Bxg6 Nxe2+ 37. Rxe2 Qd1+ 38. Re1 Rf1+ 39. Kg2 Rxe1 40.
Be4 Re2+ 41. Kh3 Qf1+ 0-1

[Event "23rd Abu Dhabi Masters"]
[Site "Abu Dhabi UAE"]
[Date "2016.08.27"]
[Round "7.5"]
[White "Salem, A.R. Saleh"]
[Black "Fedoseev, Vladimir3"]
[Result "1-0"]
[WhiteTitle "GM"]
[BlackTitle "GM"]
[WhiteElo "2617"]
[BlackElo "2670"]
[WhiteFideId "9301348"]
[BlackFideId "24130737"]
[EventDate "2016.08.21"]

1. d4 d5 2. c4 c6 3. Nf3 Nf6 4. Nc3 e6 5. Bg5 h6 6. Bh4 dxc4 7. e4 g5 8. Bg3 b5
9. Be2 Bb7 10. e5 Nd5 11. O-O Nd7 12. Nxd5 cxd5 13. Ne1 Qb6 14. Bh5 Bg7 15. h4
Rg8 16. hxg5 hxg5 17. Qg4 Bh6 18. f4 O-O-O 19. f5 Rg7 20. Nc2 Rh8 21. Bxf7 Rxf7
22. fxe6 Rxf1+ 23. Rxf1 Bc6 24. Rf7 Nf8 25. e7+ Kb8 26. Rf6 Nd7 27. Rxh6 1-0

[Event "23rd Abu Dhabi Masters"]
[Site "Abu Dhabi UAE"]
[Date "2016.08.27"]
[Round "7.6"]
[White "Areshchenko, Alexander"]
[Black "Oleksiyenko, Mykhaylo"]
[Result "1/2-1/2"]
[WhiteTitle "GM"]
[BlackTitle "GM"]
[WhiteElo "2665"]
[BlackElo "2610"]
[WhiteFideId "14109530"]
[BlackFideId "4152417"]
[EventDate "2016.08.21"]

1. e4 c5 2. Nf3 Nc6 3. Bb5 g6 4. O-O Bg7 5. Nc3 Nf6 6. Re1 O-O 7. e5 Ng4 8. Bxc6
dxc6 9. h3 Nh6 10. d3 Nf5 11. Ne4 b6 12. a4 Nd4 13. a5 Bf5 14. Ng3 Be6 15. Bf4
Qd7 16. Nxd4 Qxd4 17. Qc1 b5 18. Re4 Qd5 19. Bh6 Bxe5 20. Bxf8 Rxf8 21. Re2 Bg7
22. Ne4 c4 23. dxc4 Qxc4 24. Ng3 b4 25. Re4 Qc5 26. Ra4 b3 27. c3 Bd5 28. Qe3
Qxe3 29. Rxe3 Rb8 30. Ne2 e5 31. c4 Be6 32. Nc1 e4 33. Nxb3 Bh6 34. Rc3 Bg7 35.
Re3 Bh6 36. Rc3 Bg7 37. Re3 1/2-1/2

[Event "23rd Abu Dhabi Masters"]
[Site "Abu Dhabi UAE"]
[Date "2016.08.27"]
[Round "7.7"]
[White "Amin, Bassem"]
[Black "Sengupta, Deep"]
[Result "1-0"]
[WhiteTitle "GM"]
[BlackTitle "GM"]
[WhiteElo "2654"]
[BlackElo "2571"]
[WhiteFideId "10601457"]
[BlackFideId "5008352"]
[EventDate "2016.08.21"]

1. e4 e5 2. Nf3 Nc6 3. Bc4 Nf6 4. d3 Bc5 5. O-O a6 6. c3 d6 7. Bb3 Ba7 8. Re1
O-O 9. h3 Be6 10. Nbd2 Bxb3 11. Qxb3 Qd7 12. Nf1 h6 13. Be3 Rfe8 14. Bxa7 Rxa7
15. Ng3 Qe6 16. Qa4 d5 17. exd5 Qxd5 18. d4 b5 19. Qd1 exd4 20. Rxe8+ Nxe8 21.
cxd4 Ra8 22. Rc1 Rd8 23. Ne2 Ne7 24. Nc3 Qe6 25. Qc2 Nf6 26. a4 b4 27. Re1 Qf5
28. Ne4 Ned5 29. Nxf6+ Qxf6 30. Re5 Qg6 31. Qxg6 fxg6 32. Re6 Rd6 33. Re8+ Kh7
34. h4 Nf4 35. g3 Re6 36. Rxe6 Nxe6 37. Kf1 g5 38. hxg5 hxg5 39. g4 Kg6 40. Ke2
Nf4+ 41. Ke3 Kf6 42. Ne5 Ke6 43. Nc6 b3 44. a5 Kd5 45. Nb4+ Kc4 46. Nxa6 Nd5+
47. Ke4 c6 48. Nc5 Nc3+ 49. Ke5 Nb5 50. a6 g6 51. Kf6 Kxd4 52. Nxb3+ Kc4 53.
Na5+ Kc5 54. Kxg5 Kb6 55. Nc4+ Kxa6 56. Kxg6 Nd4 57. Kf6 Kb5 58. g5 1-0

[Event "23rd Abu Dhabi Masters"]
[Site "Abu Dhabi UAE"]
[Date "2016.08.27"]
[Round "7.8"]
[White "Demchenko, Anton"]
[Black "Gupta, Abhijeet"]
[Result "1-0"]
[WhiteTitle "GM"]
[BlackTitle "GM"]
[WhiteElo "2600"]
[BlackElo "2637"]
[WhiteFideId "4160258"]
[BlackFideId "5010608"]
[EventDate "2016.08.21"]

1. e4 e6 2. d4 d5 3. Nc3 Nf6 4. e5 Nfd7 5. Nce2 c5 6. c3 Nc6 7. f4 Qb6 8. Nf3
Be7 9. Qb3 O-O 10. g3 Qa5 11. Bh3 b6 12. O-O Ba6 13. Rf2 f5 14. g4 g6 15. Qd1
Kh8 16. Be3 Rac8 17. a3 Bc4 18. Nd2 Bxe2 19. Rxe2 cxd4 20. cxd4 b5 21. gxf5 exf5
22. Nb3 Qa4 23. Bg2 Nb6 24. Bf2 b4 25. axb4 Qxb4 26. Qd3 Rfd8 27. Rc2 Nc4 28.
Bxd5 Nxb2 29. Qa6 Nd3 30. Rxc6 Rxc6 31. Qxc6 Nxf4 32. Be1 Qb8 33. Be6 Nxe6 34.
Qxe6 Qb7 35. Bf2 Rb8 36. Nd2 Bg5 37. Rb1 Qc7 38. Rxb8+ Qxb8 39. Qb3 Qc8 40. Nf3
a5 41. Qa3 Bh6 42. Qxa5 f4 43. Qd5 g5 44. e6 1-0

[Event "23rd Abu Dhabi Masters"]
[Site "Abu Dhabi UAE"]
[Date "2016.08.27"]
[Round "7.9"]
[White "Sadzikowski, Daniel"]
[Black "Efimenko, Zahar"]
[Result "1/2-1/2"]
[WhiteTitle "IM"]
[BlackTitle "GM"]
[WhiteElo "2551"]
[BlackElo "2661"]
[WhiteFideId "1132253"]
[BlackFideId "14107201"]
[EventDate "2016.08.21"]

1. e4 e5 2. Nf3 Nc6 3. Bb5 a6 4. Ba4 Nf6 5. O-O Be7 6. d3 b5 7. Bb3 O-O 8. Nc3
Bb7 9. Bd2 d6 10. Nd5 Nxd5 11. Bxd5 Qc8 12. a4 Nd8 13. Bxb7 Qxb7 14. b4 Ne6 15.
Qb1 d5 16. exd5 Qxd5 17. Qa2 Qxa2 18. Rxa2 f6 19. Rfa1 Rab8 20. axb5 axb5 21.
Kf1 Rfe8 22. g3 Bd6 23. Ra6 Kf7 24. Bc3 Rec8 25. Ra7 Kf8 26. R1a6 Rb6 27. Ke2
Rxa6 28. Rxa6 Ke7 29. Bd2 1/2-1/2

[Event "23rd Abu Dhabi Masters"]
[Site "Abu Dhabi UAE"]
[Date "2016.08.27"]
[Round "7.12"]
[White "Vishnu Prasanna, V"]
[Black "Oparin, Grigoriy"]
[Result "1/2-1/2"]
[WhiteTitle "GM"]
[BlackTitle "GM"]
[WhiteElo "2512"]
[BlackElo "2617"]
[WhiteFideId "5030692"]
[BlackFideId "24125890"]
[EventDate "2016.08.21"]

1. c4 e6 2. Nc3 Nf6 3. e4 d5 4. e5 d4 5. exf6 dxc3 6. bxc3 Qxf6 7. d4 b6 8. Be2
Bb7 9. Bf3 Bxf3 10. Nxf3 Bd6 11. Qa4+ c6 12. O-O O-O 13. Rb1 Bc7 14. Re1 Rc8 15.
Kh1 h6 16. Ba3 Qf5 17. Rb2 a6 18. Ne5 Bxe5 19. dxe5 Nd7 20. Bd6 Nc5 21. Bxc5
bxc5 22. Kg1 Rab8 23. Rb3 Rd8 24. h3 Rxb3 25. axb3 Rd2 26. Rf1 Qxe5 27. Qxc6 Rb2
28. b4 cxb4 29. cxb4 Rxb4 30. Qxa6 Qf4 31. c5 Rc4 32. g3 Qd4 33. Qc8+ Kh7 34.
Qe8 Kg6 35. Re1 Qd5 36. Qb8 Qxc5 37. Qb1+ Kf6 38. Qb2+ e5 39. Rb1 Qd5 40. Qe2 g5
41. Qe3 Rd4 42. h4 Kg6 43. hxg5 hxg5 44. Re1 f6 45. Qc3 Rc4 46. Qb3 Kf5 47. Rd1
Qc6 48. Qd3+ e4 49. Qe2 Kg6 50. Qd2 Qe6 51. Qd5 Qxd5 52. Rxd5 Kh5 53. Rf5 Rc6
54. Kg2 Kg4 55. Rb5 Rc2 56. Rb4 f5 57. Ra4 Re2 58. Rb4 Kh5 59. Kf1 Rc2 60. Ra4
Kg4 61. Kg2 Re2 62. Rb4 f4 63. gxf4 Kxf4 64. Ra4 Rd2 65. Rb4 g4 66. Rb3 Rc2 1/2-1/2

[Event "23rd Abu Dhabi Masters"]
[Site "Abu Dhabi UAE"]
[Date "2016.08.27"]
[Round "7.13"]
[White "Ly, Moulthun"]
[Black "Banusz, Tamas"]
[Result "1/2-1/2"]
[WhiteTitle "IM"]
[BlackTitle "GM"]
[WhiteElo "2501"]
[BlackElo "2616"]
[WhiteFideId "3204405"]
[BlackFideId "722413"]
[EventDate "2016.08.21"]

1. e4 e5 2. Nf3 Nc6 3. Bb5 Nge7 4. O-O g6 5. c3 Bg7 6. d4 exd4 7. cxd4 d5 8.
exd5 Nxd5 9. Bg5 Qd6 10. Re1+ Be6 11. Nbd2 O-O 12. Ne4 Qb4 13. Bxc6 bxc6 14. Qc1
Rfe8 15. Bd2 Qb6 16. Nc5 Bf5 17. Ne5 Re7 18. a4 Bxe5 19. dxe5 Rb8 20. b4 Rbe8
21. Qc4 Rxe5 22. Rxe5 Rxe5 23. g4 Be6 24. Qd4 f6 25. Re1 Rxe1+ 26. Bxe1 Bf7 27.
Bd2 Qb8 28. f3 Qe8 29. Kf2 Qe7 30. Ne4 Qe5 31. Qxe5 fxe5 32. Nc5 Kg7 33. Nd7 Be8
34. Nxe5 c5 35. bxc5 Bxa4 36. g5 Bc2 37. Ke2 a6 38. Nc6 Kf7 39. Nd4 1/2-1/2

[Event "23rd Abu Dhabi Masters"]
[Site "Abu Dhabi UAE"]
[Date "2016.08.27"]
[Round "7.14"]
[White "Prohaszka, Peter2"]
[Black "Swayams, Mishra"]
[Result "1-0"]
[WhiteTitle "GM"]
[BlackTitle "IM"]
[WhiteElo "2604"]
[BlackElo "2468"]
[WhiteFideId "726265"]
[BlackFideId "5028183"]
[EventDate "2016.08.21"]

1. g3 d5 2. Nf3 c5 3. Bg2 Nf6 4. O-O e6 5. c4 dxc4 6. Na3 Be7 7. Nxc4 Nc6 8. b3
O-O 9. Bb2 Bd7 10. d4 Qc7 11. dxc5 Bxc5 12. Rc1 Rfd8 13. Nce5 Qa5 14. Qc2 Be7
15. Nxd7 Rxd7 16. Qb1 Ba3 17. Bc3 Qb5 18. Rcd1 Rad8 19. Rxd7 Rxd7 20. Qa1 Ne8
21. Rd1 Rxd1+ 22. Qxd1 Qc5 23. Qd3 h6 24. Nd4 Nxd4 25. Bxd4 Qc1+ 26. Bf1 a6 27.
Bc3 Nd6 28. Qd4 Nf5 29. Qd8+ Kh7 30. Qd3 Kg8 31. b4 Bb2 32. Bd2 Qc7 33. b5 axb5
34. Qxb5 Bd4 35. e3 Nd6 36. Qd3 Bc5 37. a4 b6 38. Bg2 Qa7 39. Bc6 Qc7 40. Bf3
Qa7 41. Qb3 Qa6 42. Qc2 Qa7 43. Kg2 Qd7 44. Bc1 Qa7 45. Bb2 Qa5 46. Qc3 Qxc3 47.
Bxc3 f6 48. Kf1 Kf7 49. Ke2 Nc4 50. Be4 Ke7 51. Bd3 Nd6 52. g4 g5 53. f4 Kf7 54.
Kf3 Ke7 55. h3 Kf7 56. Bb2 Ke7 57. Ba1 Kf7 58. Bc3 Ke7 59. e4 gxf4 60. e5 fxe5
61. Bxe5 Nf7 62. Bxf4 e5 63. Bd2 Ng5+ 64. Kg2 e4 65. Bb1 e3 66. Bc3 Ne6 67. Kf3
Ng5+ 68. Kg2 Ne6 69. h4 Bd4 70. Be1 Kf6 71. Kf3 Nc5 72. Bc2 Ke5 73. Bg3+ Kd5 74.
Bf4 Bf6 75. Bxh6 Bxh4 76. Bxe3 Bf6 77. Kf4 Ne6+ 78. Kf5 Bd4 79. Bb3+ Kd6 80. Bd2
Nc5 81. Bf4+ Ke7 82. Bg5+ Kd6 83. Bc2 Ne6 84. Bf6 Be3 85. Bd3 Nc5 86. Bb5 Nd7
87. Bh4 Nc5 88. g5 Ke7 89. g6+ Kf8 90. Bf6 Bh6 91. Bd8 Nb3 92. Bxb6 Bg7 93. Bc4
Nd4+ 94. Ke4 Nc6 95. Bc5+ Ne7 96. Bf7 Bc3 97. Kd3 Ba5 98. Kc4 Bd8 99. Kb5 Kg7
100. Bxe7 Bxe7 101. a5 Bf6 102. a6 Bd4 103. Kc6 1-0

[Event "23rd Abu Dhabi Masters"]
[Site "Abu Dhabi UAE"]
[Date "2016.08.27"]
[Round "7.15"]
[White "Swapnil, S. Dhopade"]
[Black "Adly, Ahmed"]
[Result "1/2-1/2"]
[WhiteTitle "GM"]
[BlackTitle "GM"]
[WhiteElo "2500"]
[BlackElo "2603"]
[WhiteFideId "5019184"]
[BlackFideId "10601619"]
[EventDate "2016.08.21"]

1. d4 d5 2. c4 e6 3. Nc3 Nf6 4. Nf3 Be7 5. Bf4 O-O 6. e3 b6 7. Bd3 Bb7 8. cxd5
Nxd5 9. Nxd5 Qxd5 10. Qc2 h6 11. O-O c5 12. dxc5 Qxc5 13. Qe2 Nc6 14. a3 Bf6 15.
Rac1 Qe7 16. Bb1 Rfc8 17. b4 e5 18. Bg3 g6 19. Nd2 Nd8 20. Be4 Rxc1 1/2-1/2

[Event "23rd Abu Dhabi Masters"]
[Site "Abu Dhabi UAE"]
[Date "2016.08.27"]
[Round "7.16"]
[White "Savchenko, Boris"]
[Black "Georgescu, Tiberiu-Marian"]
[Result "1-0"]
[WhiteTitle "GM"]
[BlackTitle "GM"]
[WhiteElo "2602"]
[BlackElo "2463"]
[WhiteFideId "4147332"]
[BlackFideId "1213300"]
[EventDate "2016.08.21"]

1. e4 e5 2. Nf3 Nc6 3. Bc4 Bc5 4. c3 Nf6 5. d3 O-O 6. O-O d6 7. Bb3 Ne7 8. a4 c6
9. a5 Ng6 10. d4 exd4 11. cxd4 Bb4 12. Bd2 Bxd2 13. Nbxd2 d5 14. e5 Ne4 15. a6
bxa6 16. Bc2 Nxd2 17. Qxd2 Rb8 18. Ra2 Qe7 19. Rc1 Rb6 20. Ne1 Qh4 21. g3 Qg4
22. Bd1 Qf5 23. Bc2 Qg4 24. Bd1 Qf5 25. Ng2 f6 26. Bc2 Qh5 27. f4 Bf5 28. Bd1
Qh3 29. Bf3 Bg4 30. Bxg4 Qxg4 31. Ne3 Qf3 32. Ra3 Rfb8 33. Nc4 Rb3 34. Rc3 Rxc3
35. Rxc3 Qe4 36. Nd6 Qb1+ 37. Rc1 Qa2 38. exf6 Rxb2 39. f7+ Kh8 40. Qe3 Rg2+ 41.
Kf1 h6 42. Qe8+ Nf8 43. Qxf8+ Kh7 44. Qg8+ Kg6 45. f8=N+ Kh5 46. Qf7+ 1-0

[Event "23rd Abu Dhabi Masters"]
[Site "Abu Dhabi UAE"]
[Date "2016.08.27"]
[Round "7.17"]
[White "Aryan, Chopra"]
[Black "Lalith, Babu M R"]
[Result "1/2-1/2"]
[WhiteTitle "IM"]
[BlackTitle "GM"]
[WhiteElo "2485"]
[BlackElo "2575"]
[WhiteFideId "5084423"]
[BlackFideId "5024595"]
[EventDate "2016.08.21"]

1. e4 e5 2. Nf3 Nc6 3. Bb5 a6 4. Ba4 Nf6 5. O-O b5 6. Bb3 Nxe4 7. Re1 d5 8. Nc3
Nxc3 9. dxc3 Be6 10. a4 Na5 11. Nxe5 Nxb3 12. cxb3 Bd6 13. axb5 Bxe5 14. Qh5 O-O
15. Qxe5 axb5 16. Rxa8 Qxa8 17. Be3 Re8 18. Bd4 f6 19. Qxc7 Bf7 20. Rxe8+ Qxe8
21. h3 h5 22. Qg3 Kh7 23. Qe3 Qxe3 24. Bxe3 Bg6 25. h4 Bc2 26. b4 Kg6 27. f3 Kf5
28. Kf2 g5 29. g3 Bd1 30. Bb6 g4 31. fxg4+ Bxg4 32. Ke3 Ke6 33. Kd4 Kd6 34. Bc5+
Kc6 35. Be7 Bf3 36. Bxf6 Bg4 37. b3 Bd1 38. c4 dxc4 39. bxc4 bxc4 40. Kxc4 Be2+
41. Kd4 Kb5 42. Ke3 Bg4 43. Be7 Bd1 44. Kf4 Be2 45. Ke5 Bd1 46. Bc5 Be2 47. Kf4
Bd1 48. Ke4 1/2-1/2

[Event "23rd Abu Dhabi Masters"]
[Site "Abu Dhabi UAE"]
[Date "2016.08.27"]
[Round "7.18"]
[White "Mohammad, Nubairshah Shaikh"]
[Black "Melkumyan, Hrant"]
[Result "1-0"]
[BlackTitle "GM"]
[WhiteElo "2415"]
[BlackElo "2650"]
[WhiteFideId "5053196"]
[BlackFideId "13302485"]
[EventDate "2016.08.21"]

1. d4 Nf6 2. c4 e6 3. Nc3 Bb4 4. e3 O-O 5. Ne2 c6 6. a3 Ba5 7. b4 Bc7 8. d5 d6
9. Bb2 a5 10. Ng3 axb4 11. axb4 Rxa1 12. Bxa1 Na6 13. b5 cxb5 14. cxb5 Nc5 15.
dxe6 fxe6 16. Be2 d5 17. Bf3 Qd6 18. O-O Bd7 19. Re1 Be8 20. Re2 h5 21. e4 Ncxe4
22. Ncxe4 Nxe4 23. Bxe4 dxe4 24. Qxd6 Bxd6 25. Rxe4 Bf7 26. Be5 Be7 27. Rc4 Rd8
28. h3 b6 29. Ne4 Bg6 30. Rc7 Bf8 31. Ng5 Bf5 32. f4 h4 33. Kh2 Ra8 34. Rb7 Rd8
35. Rxb6 Bc5 36. Rb7 Bf2 37. Rxg7+ Kf8 38. Nf3 Be4 39. Rg4 Rd5 40. b6 Rb5 41.
Bc7 Rb2 42. Be5 Re2 43. Ng5 Bg3+ 44. Rxg3 hxg3+ 45. Kxg3 Rxg2+ 46. Kh4 Bd5 47.
Nxe6+ Ke7 48. Nc5 Rg6 49. b7 Bxb7 50. Nxb7 Ke6 51. Nd6 Rg1 52. Kh5 Rg2 53. Kh4
Rg1 54. Kh5 Rg2 55. h4 Ke7 56. f5 Kf8 57. f6 Kg8 58. Bf4 Kh7 59. f7 Kg7 60. Bh6+
Kh7 61. Nf5 Rg1 62. Be3 Rg2 63. Bb6 1-0

[Event "23rd Abu Dhabi Masters"]
[Site "Abu Dhabi UAE"]
[Date "2016.08.27"]
[Round "7.19"]
[White "Iturrizaga Bonelli, Eduardo"]
[Black "Kjartansson, Gudmundur"]
[Result "1-0"]
[WhiteTitle "GM"]
[BlackTitle "IM"]
[WhiteElo "2626"]
[BlackElo "2442"]
[WhiteFideId "3901211"]
[BlackFideId "2301318"]
[EventDate "2016.08.21"]

1. Nf3 d5 2. d4 Nf6 3. c4 e6 4. Nc3 c6 5. g3 dxc4 6. Bg2 Nbd7 7. a4 a5 8. e4 Be7
9. O-O O-O 10. Qe2 b6 11. Rd1 Ba6 12. Nd2 Rc8 13. Nxc4 Re8 14. Be3 Qc7 15. Rac1
e5 16. dxe5 Nxe5 17. Nb5 cxb5 18. Nxb6 Qb8 19. Nxc8 Rxc8 20. Rxc8+ Qxc8 21. axb5
Bb7 22. f4 Neg4 23. Bd4 Bc5 24. h3 Bxd4+ 25. Rxd4 Qc5 26. Qc4 Qb6 27. hxg4 Nxg4
28. Qd3 h5 29. Bf3 f5 30. Bxg4 hxg4 31. exf5 Qc5 32. Qc4+ 1-0

[Event "23rd Abu Dhabi Masters"]
[Site "Abu Dhabi UAE"]
[Date "2016.08.27"]
[Round "7.20"]
[White "Ter-Sahakyan, Samvel"]
[Black "Ameir, Moheb"]
[Result "1-0"]
[WhiteTitle "GM"]
[BlackTitle "IM"]
[WhiteElo "2613"]
[BlackElo "2431"]
[WhiteFideId "13302531"]
[BlackFideId "10600620"]
[EventDate "2016.08.21"]

1. e4 c5 2. Nf3 e6 3. d4 cxd4 4. Nxd4 Nc6 5. Nc3 Qc7 6. Be3 a6 7. Qd2 Nf6 8.
O-O-O Bb4 9. f3 b5 10. Kb1 Rb8 11. Bf4 d6 12. Nxc6 Qxc6 13. Bxd6 Bxd6 14. Qxd6
Qxd6 15. Rxd6 Ke7 16. Rd2 Bb7 17. a4 Bc6 18. axb5 axb5 19. Be2 Nd7 20. b3 Rhc8
21. Kb2 b4 22. Nd1 Rc7 23. Ne3 Nb6 24. Rd4 Nc8 25. Ra1 Be8 26. f4 Bc6 27. Ra5
Rd7 28. Rxd7+ Kxd7 29. Bd3 Nd6 30. e5 Ne4 31. Ra7+ Rb7 32. Ra8 Nc3 33. Ba6 Rc7
34. Rf8 Ke7 35. Rb8 Nd5 36. Nxd5+ Bxd5 37. g3 Be4 38. Bc4 Rb7 39. Rxb7+ Bxb7 40.
c3 bxc3+ 41. Kxc3 Kd7 42. Kd4 Kc7 43. Kc5 Be4 44. b4 h5 45. h4 Bc2 46. Be2 1-0